Culture générale FR #2 - Statistiques

Statistiques générales
  • Ce quiz a été pris 82 fois
  • Le résultat moyen est 7 sur 15
Statistiques - réponses
Hint Réponse % Correct
Quelle archiduchesse d'Autriche est devenue reine de France en 1774 ? Marie Antoinette
79%
Qu'allons nous voir si nous sommes sur le mont Corcovado à Rio de Janeiro ? Le Christ Rédempteur
71%
Quel est le seul club de foot qui a remporté la Ligue 1 sept fois d'affilée ? Olympique Lyonnais
71%
Comment appelle-t-on un mot qui peut se lire dans les deux sens ? Palindrome
62%
Quel peintre français a pour toile la plus célèbre La Liberté guidant le peuple ? Eugène Delacroix
61%
Dans quel roman du 19ème siècle un bagnard se fait traquer par l'inspecteur de police Javert ? Les Misérables
59%
Quel acronyme désigne un outil qui chiffre les données et masque l'adresse IP ? VPN
49%
Quel acteur meurt tragiquement dans un accident de voiture en 2013 ? Paul Walker
46%
Comment qualifie-t-on une roche qui laisse passer des fluides comme l'eau ou les hydrocarbures ? Poreuse
42%
Quelle brasserie belge possède pour logo un gnome ? La Chouffe
41%
Quel dictateur congolais devient président après un coup d'Etat en 1965 ? Mobutu
33%
Dans le domaine littéraire, quel est le terme utilisé pour désigner les premiers mots ou la première phrase d’un roman, souvent étudiés pour leur valeur stylistique ou symbolique ? Incipit
28%
Quel fruit était surnommé "la pomme du Pérou" lorsqu’il a été introduit en Europe ? La tomate
26%
Dans la mythologie nordique, comment s’appelle l’arbre-monde qui relie les neuf royaumes ? Yggdrasil
26%
Quelle série de jeux vidéos développée par Capcom nous fait incarner un humain de la Guilde des chasseurs ? Monster Hunter
20%
Aucun quiz correspondant
Distribution des résultats
% des personnes avec chaque résultat
Percentile par nombre de réponses
Votre historique - résultats
Vous n’avez pas pris ce quiz